Catálogo
 En Linea

Guide to advanced and literary comprehension and appreciation pieces / (Registro nro. 23569)

Detalles MARC
000 -CABECERA
campo de control de longitud fija 00476nam a2200157 a 4500
001 - NÚMERO DE CONTROL
campo de control 000024074
005 - FECHA Y HORA DE LA ÚLTIMA TRANSACCIÓN
campo de control 20200930022709.0
008 - DATOS DE LONGITUD FIJA--INFORMACIÓN GENERAL
campo de control de longitud fija 110118s1967 enk r 000 0 eng d
040 ## - FUENTE DE LA CATALOGACIÓN
Centro catalogador/agencia de origen DO-SdBNP
Lengua de catalogación spa
Centro/agencia transcriptor BNPHU
082 ## - NÚMERO DE LA CLASIFICACIÓN DECIMAL DEWEY
Número de clasificación xxxxxx
Número de documento/Ítem M466g
049 ## - FONDOS LOCALES (OCLC)
Fondos de biblioteca BNGR
100 1# - ENTRADA PRINCIPAL--NOMBRE DE PERSONA
Nombre de persona May, D. J.
9 (RLIN) 49463
245 10 - MENCIÓN DE TÍTULO
Título Guide to advanced and literary comprehension and appreciation pieces /
Mención de responsabilidad, etc. D. J. May.
260 ## - PUBLICACIÓN, DISTRIBUCIÓN, ETC.
Lugar de publicación, distribución, etc. Londres :
Nombre del editor, distribuidor, etc. Oxford uniersity Press,
Fecha de publicación, distribución, etc. 1967.
300 ## - DESCRIPCIÓN FÍSICA
Extensión v, 102 p. ;
Dimensiones 18.5 cm.
Existencias
Estado de retiro Estado de pérdida Restricciones de uso No para préstamo Código de colección Localización permanente Ubicación/localización actual Ubicación en estantería Fecha de adquisición Número de inventario Total de préstamos Signatura topográfica completa Código de barras Fecha visto por última vez Precio válido a partir de Tipo de ítem Koha
        Monografías: Libros y Folletos General General En catalogación 18.01.2011 LF1   xxxxxx M466g 24074-10 25.06.2020 25.06.2020 Préstamo en sala

Con tecnología Koha